| 000 | 00807nam a2200241 4500 | ||
|---|---|---|---|
| 001 | 18362 | ||
| 003 | DO-SdUEMH | ||
| 005 | 20260127213631.0 | ||
| 007 | ta | ||
| 008 | 260127s2007 dr |||gr|||| 00| 0 spa d | ||
| 040 |
_aDO-SdUEMH _bspa _erda |
||
| 041 | _aspa | ||
| 082 | 1 | 4 |
_mRD _bA185 |
| 100 | 1 | _eaut | |
| 245 |
_aCódigo Penal de la República Dominicana Legislación Complementaria: _bactualizado, ampliado y adaptado para estudio con las leyes 712-27; 224-84; 24-97; 46-99; 36-2000 / _cJuan Pablo Acosta, Trajano Vidal Potentini |
||
| 264 | 1 |
_aSanto Domingo, República Dominicana : _bDalis, _c2007 |
|
| 264 | 4 | _c©2007 | |
| 300 |
_a196 páginas : _c21 cm. |
||
| 336 |
_2rdacontent _atexto _btxt |
||
| 337 |
_2rdamedia _asin mediación _bn |
||
| 338 |
_2rdacarrier _avolumen _bnc |
||
| 942 |
_2ddc _cBK _n0 |
||
| 999 |
_c18362 _d18362 |
||